Modern nigerian legal system (Record no. 32717)

MARC details
000 -LEADER
fixed length control field 00448nam a2200193Ia 4500
020 ## - INTERNATIONAL STANDARD BOOK NUMBER
ISBN 9788062601
050 ## - CALL MARK
Classification number KP 61 .O8/
100 ## - STATEMENT OF RESPONSIBILITY--MAIN AUTHOR NAME
Personal name Osita nnamani ogbu
245 #0 - TITLE STATEMENT
Title Modern nigerian legal system
250 ## - EDITION / VOLUME STATEMENT
Edition / Volume statement 2nd. edi
260 ## - PUBLICATION, DISTRIBUTION, ETC. (IMPRINT)
Place of publication Enugu-Nigeria
260 ## - PUBLICATION, DISTRIBUTION, ETC. (IMPRINT)
Name of publisher Cidjap press.
260 ## - PUBLICATION, DISTRIBUTION, ETC. (IMPRINT)
Year of publication 2007
300 ## - PHYSICAL DESCRIPTION
Number of Pages 418 p
650 ## - SUBJECT ADDED ENTRY--TOPICAL TERM
Topical Term Legal system.
942 ## - ADDED ENTRY ELEMENTS (KOHA)
Koha item type Books
Holdings
Withdrawn status Lost status Source of classification or shelving scheme Damaged status Not for loan Permanent Location Current Location Shelving location Date acquired Accession Number Price effective from Koha item type
    Library of Congress Classification     Law Library Law Library Items on shelf 04/23/2025 0186382 04/23/2025 Books